[Event "Bikaner op 1st"]
[Site "Bikaner"]
[Date "2022.10.08"]
[Round "9"]
[White "Rajesh, VAV"]
[Black "Kotikalapudi, Aditya Krishna"]
[Result "1-0"]
[WhiteElo "2334"]
[BlackElo "1817"]
[PlyCount "113"]
[EventDate "2022.10.01"]
[EventType "swiss"]
[EventRounds "10"]
[EventCountry "IND"]
[SourceTitle "CBM 210 Extra"]
[Source "ChessBase"]
[SourceDate "2022.11.30"]
[SourceVersion "1"]
[SourceVersionDate "2022.11.30"]
[SourceQuality "1"]

1. b3 d5 2. Nf3 Nf6 3. Bb2 Bf5 4. g3 e6 5. Bg2 h6 6. d3 Be7 7. Nbd2 0-0 8. 0-0 Nbd7 9. Re1 c6 10. e4 Bh7 11. Qe2 a5 12. a4 Nc5 13. Ne5 Qc7 14. Ng4 Ncd7 15. f4 Nxg4 16. Qxg4 Bf6 17. Bxf6 Nxf6 18. Qe2 b5 19. Qf2 Rfd8 20. h3 Qa7 21. e5 Qxf2+ 22. Kxf2 Nd7 23. axb5 cxb5 24. Nf3 a4 25. b4 Rdc8 26. Nd4 Rab8 27. Ra2 Rb6 28. Ke3 Nb8 29. g4 Nc6 30. Nxc6 Rbxc6 31. Re2 Rd8 32. Kd4 f6 33. f5 exf5 34. e6 Rc7 35. Bxd5 Kf8 36. c4 fxg4 37. hxg4 Ke7 38. Ra3 Bxd3 39. Rxd3 Rxc4+ 40. Ke3 Rxg4 41. Rd4 Rg3+ 42. Kf4 Rh3 43. Kg4 Rb3 44. Red2 Rxd5 45. Rxd5 Rxb4+ 46. Kf5 g6+ 47. Kxg6 Kxe6 48. Rd6+ Ke5 49. R2d5+ Ke4 50. Kxf6 a3 51. Re5+ Kf4 52. Rf5+ Kg4 53. Rd1 Rb3 54. Rg1+ Kh4 55. Kg6 Rg3+ 56. Rxg3 Kxg3 57. Rxb5 1-0

[Event "Bikaner op 1st"]
[Site "Bikaner"]
[Date "2022.10.07"]
[Round "8"]
[White "Kotikalapudi, Aditya Krishna"]
[Black "Laxman, Rajaram"]
[Result "0-1"]
[WhiteElo "1817"]
[BlackElo "2378"]
[PlyCount "100"]
[EventDate "2022.10.01"]
[EventType "swiss"]
[EventRounds "10"]
[EventCountry "IND"]
[SourceTitle "CBM 210 Extra"]
[Source "ChessBase"]
[SourceDate "2022.11.30"]
[SourceVersion "1"]
[SourceVersionDate "2022.11.30"]
[SourceQuality "1"]

1. e4 e5 2. Nf3 Nc6 3. Bb5 a6 4. Ba4 Nf6 5. 0-0 Be7 6. Re1 b5 7. Bb3 0-0 8. a4 b4 9. a5 d6 10. d3 Be6 11. Bxe6 fxe6 12. Nbd2 Rb8 13. Nb3 Qc8 14. d4 exd4 15. Nbxd4 Nxd4 16. Qxd4 c5 17. Qd3 Ne8 18. e5 c4 19. Qe4 d5 20. Qg4 Bc5 21. Be3 Bxe3 22. Rxe3 Nc7 23. Nd4 Qd7 24. Rd1 Rf7 25. f4 Re8 26. f5 exf5 27. Qf3 g6 28. Ne2 Rfe7 29. Qg3 Ne6 30. Nf4 d4 31. Ree1 d3 32. Nxe6 Qa7+ 33. Kh1 dxc2 34. Rc1 Rxe6 35. Rxc2 Qd4 36. h3 f4 37. Qg4 Rxe5 38. Rf1 Re1 39. Rc1 Rxc1 40. Rxc1 b3 41. Rd1 Qe4 42. Rf1 c3 43. bxc3 b2 44. Qd1 Rb8 45. Qb1 Qxb1 46. Rxb1 Kf7 47. Kg1 Ke6 48. Kf2 Kd5 49. Ke2 Kc4 50. Kd2 Kb3 0-1

[Event "Bikaner op 1st"]
[Site "Bikaner"]
[Date "2022.10.05"]
[Round "6"]
[White "Kotikalapudi, Aditya Krishna"]
[Black "Arhan, Chethan Anand"]
[Result "1-0"]
[WhiteElo "1817"]
[BlackElo "2126"]
[PlyCount "99"]
[EventDate "2022.10.01"]
[EventType "swiss"]
[EventRounds "10"]
[EventCountry "IND"]
[SourceTitle "CBM 210 Extra"]
[Source "ChessBase"]
[SourceDate "2022.11.30"]
[SourceVersion "1"]
[SourceVersionDate "2022.11.30"]
[SourceQuality "1"]

1. d4 d5 2. c4 e6 3. Nf3 Nf6 4. Nc3 Be7 5. Bf4 0-0 6. e3 b6 7. Bd3 Bb7 8. cxd5 exd5 9. 0-0 c5 10. Rc1 Nbd7 11. h3 c4 12. Bb1 a6 13. a4 b5 14. b3 Qa5 15. Ne2 Rfc8 16. Ne5 Nb6 17. axb5 axb5 18. Ng3 Ba3 19. Nh5 Nxh5 20. Qxh5 g6 21. Qh4 Bc6 22. Qf6 Be8 23. Bh6 Bf8 24. Bxf8 Kxf8 25. Bxg6 Qa7 26. Qh8+ Ke7 27. Qxh7 Kf8 28. Bf5 Rcb8 29. h4 f6 30. Qh8+ Ke7 31. Qg7+ Kd8 32. Qxf6+ Qe7 33. Nc6+ Bxc6 34. Qxc6 Qf8 35. Bh3 Ra7 36. Qxb5 Qd6 37. bxc4 dxc4 38. e4 Re7 39. e5 Qa3 40. Qc5 Ra7 41. Qxa3 Rxa3 42. d5 c3 43. d6 Nc4 44. f4 Rb2 45. Rf3 c2 46. Rxa3 Nxa3 47. Bf5 Rb4 48. e6 Rb8 49. e7+ Ke8 50. Re1 1-0

[Event "Bikaner op 1st"]
[Site "Bikaner"]
[Date "2022.10.02"]
[Round "2"]
[White "Kotikalapudi, Aditya Krishna"]
[Black "Deshmukh, Anup"]
[Result "1-0"]
[WhiteElo "1817"]
[BlackElo "2167"]
[PlyCount "111"]
[EventDate "2022.10.01"]
[EventType "swiss"]
[EventRounds "10"]
[EventCountry "IND"]
[SourceTitle "CBM 210 Extra"]
[Source "ChessBase"]
[SourceDate "2022.11.30"]
[SourceVersion "1"]
[SourceVersionDate "2022.11.30"]
[SourceQuality "1"]

1. d4 Nf6 2. c4 g6 3. Nc3 Bg7 4. e4 d6 5. Nf3 0-0 6. Be2 e5 7. 0-0 Nc6 8. Be3 h6 9. d5 Ne7 10. Nd2 Nd7 11. b4 f5 12. f3 f4 13. Bf2 g5 14. c5 a6 15. Nc4 Rf6 16. Rc1 Bf8 17. c6 Nb8 18. cxb7 Bxb7 19. Qd2 Rf7 20. Rc2 Bc8 21. b5 Nd7 22. Na5 Nf6 23. Nb3 Rg7 24. Rfc1 g4 25. Kh1 g3 26. Bg1 gxh2 27. Bf2 Ng6 28. b6 cxb6 29. Na4 Nd7 30. Rc6 Rb8 31. Nxb6 Nxb6 32. Bxb6 Rxb6 33. Rxc8 Qg5 34. Bf1 Rbb7 35. Na5 Rbf7 36. Nc6 Rd7 37. Rb1 Kh7 38. Rbb8 Be7 39. Bxa6 Bf6 40. Bf1 Nh4 41. Qe2 Rg6 42. a4 Qg3 43. a5 Rf7 44. a6 Nxf3 45. Qxf3 Qxf3 46. gxf3 Rg1+ 47. Kxh2 Rxf1 48. a7 Rxa7 49. Nxa7 Rxf3 50. Nb5 Rf2+ 51. Kg1 Re2 52. Nxd6 Kg6 53. Rg8+ Kh5 54. Rb3 Bh4 55. Nf5 Re1+ 56. Kh2 1-0